Statistics for Pokémon names that end with Y

Click here to take the quiz!

General Stats

  • This quiz has been taken 129 times
    (52 since last reset)
  • The average score is 10 of 50

Answer Stats

GenPokémon% Correct
IIBlissey
45%
IIIBaltoy
41%
IVBonsly
38%
IChansey
34%
IVLuxray
34%
IVHappiny
31%
IVBurmy
31%
IMankey
31%
IVStunky
28%
VSnivy
28%
VIBunnelby
28%
IIIBeautifly
28%
VIDiggersby
28%
VIInkay
28%
IIISkitty
24%
IVManaphy
24%
IVLopunny
24%
IIIDelcatty
24%
VVullaby
24%
VIIIGrookey
21%
IVStarly
21%
IVBuneary
21%
IISkarmory
21%
IIIShiftry
21%
IPidgey
21%
VIICutiefly
21%
IIMagby
21%
VIGoomy
17%
IGastly
17%
IIPhanpy
17%
VIIIDreepy
17%
VIIIScorbunny
14%
VIIIThwackey
14%
IClefairy
14%
VLeavanny
14%
VIIComfey
14%
IVPurugly
14%
IIICradily
14%
IIOctillery
14%
VIIMudbray
14%
VIISilvally
10%
IKrabby
10%
IIFlaaffy
10%
VBraviary
10%
VIIIToxtricity
10%
VIIIRolycoly
7%
VScrafty
7%
VIIIMilcery
7%
IVLickilicky
7%
VScraggy
7%

Score Distribution

Percentile by Number Answered

Percent of People with Each Score

Your Score History

You have not taken this quiz since the last reset